Obras de Leibnitz
Salvato in:
| Autore principale: | |
|---|---|
| Natura: | Libro |
| Lingua: | spagnolo |
| Pubblicazione: |
Madrid
De Medina
1900
|
| Serie: | Biblioteca Filosófica
|
| Soggetti: | |
| Tags: |
Aggiungi Tag
Nessun Tag, puoi essere il primo ad aggiungerne!!
|
MARC
| LEADER | 00000nam a2200000 a 4500 | ||
|---|---|---|---|
| 001 | UCZ5202 | ||
| 003 | CL-VaPUC | ||
| 008 | 951117e19000000SP |||||||||||||||||spa|d | ||
| 082 | 0 | 4 | |a 111.1 |b LEI |2 21 |
| 100 | |a Leibniz, Gottfried Wilhelm |e author |9 429654 | ||
| 245 | 1 | 0 | |a Obras de Leibnitz |
| 300 | |a v | ||
| 942 | |c BK | ||
| 945 | |d 19951117 00:00:00 |a cmena | ||
| 260 | |a Madrid |b De Medina |c 1900 | ||
| 650 | 0 | |a Monadología |9 268988 | |
| 650 | 0 | |a Ontología |9 256850 | |
| 650 | 0 | |a Filosofía alemana |9 265002 | |
| 650 | 7 | |a FILOSOFOS ALEMANES |2 CL-VaPUC |9 349172 | |
| 650 | 0 | |a Escuelas filosóficas |9 266232 | |
| 583 | |a last modification |c 19951117 00:00:00 |k Rodrigo Vera | ||
| 490 | 0 | |a Biblioteca Filosófica | |
| 999 | |c 241524 |d 241522 | ||
| 952 | |0 0 |1 0 |4 0 |6 111_100000000000000_LEI_1900 |7 0 |8 P |9 253862 |a BIBEDU |b BIBEDU |c BIBEDU_PB |d 2019-11-19 |h v.2 |i 1572709 |o 111.1 LEI 1900 |p 1572709 |r 2024-01-25 |w 2019-11-19 |y BK |k FIL | ||
| 952 | |0 0 |1 0 |4 0 |6 111_100000000000000_LEI_1900 |7 0 |8 P |9 253863 |a BIBEDU |b BIBEDU |c BIBEDU_PB |d 2019-11-19 |h v.3 |i 1572717 |o 111.1 LEI 1900 |p 1572717 |r 2024-01-25 |w 2019-11-19 |y BK |k FIL | ||
| 952 | |0 0 |1 0 |4 0 |6 111_100000000000000_LEI_1900 |7 0 |8 P |9 253864 |a BIBEDU |b BIBEDU |c BIBEDU_PB |d 2019-11-19 |h v.4 |i 1572725 |o 111.1 LEI 1900 |p 1572725 |r 2024-01-25 |w 2019-11-19 |y BK |k FIL | ||
| 952 | |0 0 |1 0 |4 0 |6 111_100000000000000_LEI_1900 |7 0 |8 P |9 253865 |a BIBEDU |b BIBEDU |c BIBEDU_PB |d 2019-11-19 |h v.5 |i 1572733 |o 111.1 LEI 1900 |p 1572733 |r 2024-01-25 |w 2019-11-19 |y BK |k FIL | ||